Normal view
MARC view
- Doyle, Arthur Conan
Entry Personal Name
001 - CONTROL NUMBER
- control field: 49366
003 - CONTROL NUMBER IDENTIFIER
- control field: NUST
005 - DATE AND TIME OF LATEST TRANSACTION
- control field: 20210314134321.0
008 - FIXED-LENGTH DATA ELEMENTS
- fixed length control field: 210314|| aca||aabn | a|a d
040 ## - CATALOGING SOURCE
- Original cataloging agency: NUST
- Transcribing agency: NUST
100 ## - HEADING--PERSONAL NAME
- Personal name: Doyle, Arthur Conan
670 ## - SOURCE DATA FOUND
- Source citation: Work cat.: (NUST): Doyle, Arthur Conan,, The British campaign in France and Flanders ..., 1916-[20]
